Ringbearers in Lord of the Rings Quiz Stats

 Plays Quiz Updated Jan 23, 2018

Support Sporcle.
Go Orange.
Score 0/90 Timer 04:00
0 Plays Today
% Correct
Frodo Baggins
97.7%
Frodo Baggins
97.7%
Frodo Baggins
97.7%
Frodo Baggins
97.7%
Frodo Baggins
97.7%
Frodo Baggins
97.7%
Frodo Baggins
97.7%
Frodo Baggins
97.7%
Frodo Baggins
97.7%
Frodo Baggins
97.7%
Bilbo Baggins
92.8%
Bilbo Baggins
92.8%
Bilbo Baggins
92.8%
Bilbo Baggins
92.8%
Bilbo Baggins
92.8%
Bilbo Baggins
92.8%
Bilbo Baggins
92.8%
Bilbo Baggins
92.8%
Bilbo Baggins
92.8%
Bilbo Baggins
92.8%
Gollum
92.2%
Gollum
92.2%
Gollum
92.2%
Gollum
92.2%
Gollum
92.2%
Gollum
92.2%
Gollum
92.2%
Gollum
92.2%
Gollum
92.2%
Gollum
92.2%
% Correct
Samwise Gamgee
92.1%
Samwise Gamgee
92.1%
Samwise Gamgee
92.1%
Samwise Gamgee
92.1%
Samwise Gamgee
92.1%
Samwise Gamgee
92.1%
Samwise Gamgee
92.1%
Samwise Gamgee
92.1%
Samwise Gamgee
92.1%
Samwise Gamgee
92.1%
Sauron
83.7%
Sauron
83.7%
Sauron
83.7%
Sauron
83.7%
Sauron
83.7%
Sauron
83.7%
Sauron
83.7%
Sauron
83.7%
Sauron
83.7%
Sauron
83.7%
Gandalf
81.7%
Gandalf
81.7%
Gandalf
81.7%
Gandalf
81.7%
Gandalf
81.7%
Gandalf
81.7%
Gandalf
81.7%
Gandalf
81.7%
Gandalf
81.7%
Gandalf
81.7%
% Correct
Isildur
62.8%
Isildur
62.8%
Isildur
62.8%
Isildur
62.8%
Isildur
62.8%
Isildur
62.8%
Isildur
62.8%
Isildur
62.8%
Isildur
62.8%
Isildur
62.8%
Déagol
48.7%
Déagol
48.7%
Déagol
48.7%
Déagol
48.7%
Déagol
48.7%
Déagol
48.7%
Déagol
48.7%
Déagol
48.7%
Déagol
48.7%
Déagol
48.7%
Tom Bombadil
40.9%
Tom Bombadil
40.9%
Tom Bombadil
40.9%
Tom Bombadil
40.9%
Tom Bombadil
40.9%
Tom Bombadil
40.9%
Tom Bombadil
40.9%
Tom Bombadil
40.9%
Tom Bombadil
40.9%
Tom Bombadil
40.9%

From the Vault

Element or Anatomy Blitz

by minerva_13

Science 30s
Add 'ium' to the end of any word and it starts to sound like an element.
Remove Ads.
Support Sporcle.
Get the best of Sporcle when you Go Orange. This ad-free experience offers more features, more stats, and more fun while also helping to support Sporcle. Thank you for becoming a member.

Show Comments

Extras

Top Quizzes Today


Score Distribution

Your Account Isn't Verified!

In order to create a playlist on Sporcle, you need to verify the email address you used during registration. Go to your Sporcle Settings to finish the process.

Report this User

Report this user for behavior that violates our Community Guidelines.

Details: